Slavjanskoje jazykoznanije zapadnoslavjanskije jazyki

Bibliographic Details
Main Author: Seliščev, Afanasij Matvejevič, 1886-1942 (Author)
Format: Book
Language:Russian
Published: Moskva LIBROKOM 2010
Edition:2. izd.
Series:Lingvističeskoje nasledije XX veka
Subjects:

MARC

LEADER 00000nam a2200000 a 4500
001 vtls010455505
003 SK-MaSNL
005 20260301033338.0
008 240314s2010 ru hac f 001 0 rus
015 |a SNBZSA2013-001568 
020 |a 9785397011488  |q (brož.) 
035 |a urn:nbn:sk:snk-am00a0eg 
035 |a urn:nbn:sk:snk-am3hc4b 
035 |a 41164EE9-3B90-4C64-9F95-C5D7D7FC3D13 
040 |a SNK  |b slo  |c SNK  |e AACR2 
041 0 |a rus 
044 |a ru  |c RU 
072 7 |a 811.162  |x Západoslovanské jazyky  |2 konspekt 
080 |a 811.162  |2 2001 
080 |a 81-112  |2 2001 
080 |a 81'28  |2 2001 
080 |a (048.8)  |2 2001 
100 1 |a Seliščev, Afanasij Matvejevič,  |d 1886-1942  |4 aut  |9 155043 
245 1 0 |a Slavjanskoje jazykoznanije  |b zapadnoslavjanskije jazyki  |c A. M. Seliščev 
250 |a 2. izd. 
260 |a Moskva  |b LIBROKOM  |c 2010 
300 |a 466 s.  |b faks., ilustr., portréty  |c 22 cm 
490 1 |a Lingvističeskoje nasledije XX veka 
504 |a Bibliogr. odkazy ; reg. ; slovník 
650 0 7 |a západoslovanské jazyky  |2 SNKPH  |9 1320 
650 0 7 |a West Slavic languages  |2 SNKPHeng  |9 332284 
650 0 7 |a historická lingvistika  |2 SNKPH  |9 66914 
650 0 7 |a Historical linguistics  |2 SNKPHeng  |9 111133 
650 0 7 |a dialektológia  |2 SNKPH  |9 13485 
650 0 7 |a Dialectology  |2 SNKPHeng  |9 328052 
655 7 |a monografie  |2 SNKPH  |9 70139 
655 7 |a Monographs  |2 SNKPHeng  |9 120675 
830 0 |a Lingvističeskoje nasledije XX veka  |9 332285 
919 |a 978-5-397-01148-8 
958 |a ZS 
958 |a NB 
958 |a RU 
958 |a SK 
999 |c 579921  |d 581851 
952 |a SNK  |b SNK  |y PREZ  |7 0  |p 17A1058996  |o snkSC 152194  |i snk2012/24825  |8 2  |g 9.00  |0 0  |1 0  |4 0  |d 2012-10-03  |f 1  |l 0  |r 2025-07-22 00:00:00  |w 2026-02-23